The fats of life : (Record no. 45535)
[ view plain ]
| 000 -LEADER | |
|---|---|
| fixed length control field | 01511cam a2200253 a 4500 |
| 001 - CONTROL NUMBER | |
| control field | vtls003227549 |
| 003 - CONTROL NUMBER IDENTIFIER | |
| control field | MY-SjTCS |
| 005 - DATE AND TIME OF LATEST TRANSACTION | |
| control field | 20200306163813.0 |
| 008 - FIXED-LENGTH DATA ELEMENTS--GENERAL INFORMATION | |
| fixed length control field | 111206s2010 njua b s001 0 eng |
| 020 ## - INTERNATIONAL STANDARD BOOK NUMBER | |
| International Standard Book Number | 9780813546773 (hpk.) |
| 020 ## - INTERNATIONAL STANDARD BOOK NUMBER | |
| International Standard Book Number | 081354677X (hbk.) |
| 039 #9 - LEVEL OF BIBLIOGRAPHIC CONTROL AND CODING DETAIL [OBSOLETE] | |
| Level of rules in bibliographic description | 201203131528 |
| Level of effort used to assign nonsubject heading access points | wilmina |
| Level of effort used to assign subject headings | 201202281640 |
| Level of effort used to assign classification | malathy |
| -- | 201112061451 |
| -- | malathy |
| 082 00 - DEWEY DECIMAL CLASSIFICATION NUMBER | |
| Classification number | 612.397 |
| Item number | LAW 2010 |
| 100 1# - MAIN ENTRY--PERSONAL NAME | |
| Personal name | Lawrence, Glen D., |
| Dates associated with a name | 1948- |
| 9 (RLIN) | 58320 |
| 245 14 - TITLE STATEMENT | |
| Title | The fats of life : |
| Remainder of title | essential fatty acids in health and disease / |
| Statement of responsibility, etc. | Glen D. Lawrence. |
| 246 30 - VARYING FORM OF TITLE | |
| Title proper/short title | Essential fatty acids in health and disease |
| 260 ## - PUBLICATION, DISTRIBUTION, ETC. | |
| Place of publication, distribution, etc. | New Brunswick, N.J. : |
| Name of publisher, distributor, etc. | Rutgers University Press, |
| Date of publication, distribution, etc. | c2010. |
| 300 ## - PHYSICAL DESCRIPTION | |
| Extent | xvi, 277 p. : |
| Other physical details | ill. ; |
| Dimensions | 25 cm. |
| 504 ## - BIBLIOGRAPHY, ETC. NOTE | |
| Bibliography, etc. note | Includes bibliographical references and index. |
| 505 0# - FORMATTED CONTENTS NOTE | |
| Formatted contents note | The dietary fat doctrine -- Lipid terminology, structure, and function -- Some dietary fats are essential -- Signals, messengers, and responses -- Oxidation and lipid peroxidation -- Atherosclerosis -- Risk factors in cardiovascular disease -- Lipid-lowering drugs -- Inflammation, anti-inflammatory drugs, and lipid mediators -- Cancer and immunity -- Neurological development, memory, and learning -- Functional disorders of the nervous system -- Neurodegenerative diseases -- Obesity : health consequences and dietary influences -- Dietary choices for comprehensive health. |
| 650 #0 - SUBJECT ADDED ENTRY--TOPICAL TERM | |
| Topical term or geographic name entry element | Fatty acids in human nutrition. |
| 9 (RLIN) | 58321 |
| 650 #0 - SUBJECT ADDED ENTRY--TOPICAL TERM | |
| Topical term or geographic name entry element | Essential fatty acids |
| General subdivision | Physiological effect. |
| 9 (RLIN) | 239931 |
| 920 ## - Programme | |
| Programme | PHA : 177572 |
| Withdrawn status | Lost status | Source of classification or shelving scheme | Damaged status | Not for loan | Home library | Current library | Date acquired | Cost, normal purchase price | Total Checkouts | Barcode | Date last seen | Date last checked out | Copy number | Uniform Resource Identifier | Cost, replacement price | Koha item type | Public note |
|---|---|---|---|---|---|---|---|---|---|---|---|---|---|---|---|---|---|
| Dewey Decimal Classification | Taylor's Library-TU | Taylor's Library-TU | 09/01/2012 | 185.85 | 15 | 5000128600 | 05/12/2019 | 15/01/2018 | 1 | Floor 4, Shelf 17 , Side 1, TierNo 5, BayNo 6 | 185.85 | Main Collection | SOPxx,31001,03,CL |